[Event "TopJP2GB,Mulhouse-Bois-Colombes"]
[Site "?"]
[Date "2009.12.20"]
[Round "5"]
[White "Bonnin, Rémi"]
[Black "Casner, Théo"]
[Result "1-0"]
[WhiteElo "1099"]
[BlackElo "1380"]
[PlyCount "133"]
[EventDate "2009.12.20"]
[SourceDate "2009.12.27"]

1. e4 c5 2. Bb5 a6 3. Bc4 Nc6 4. Nf3 g6 5. d3 Bg7 6. Be3 Nf6 7. O-O O-O 8. Bxc5
d6 9. Be3 Bg4 10. Nc3 Rc8 11. h3 Bd7 12. Nd5 Nxd5 13. Bxd5 Bxb2 14. Rb1 Bg7 15.
Rxb7 Rb8 16. Rxb8 Qxb8 17. Bxc6 Bxc6 18. Qb1 Qc7 19. Qb6 Qxb6 20. Bxb6 Rb8 21.
Bd4 Bxd4 22. Nxd4 Ba4 23. Re1 Rb2 24. e5 d5 25. e6 f6 26. Ra1 Bxc2 27. Nxc2
Rxc2 28. a4 Rc6 29. Re1 f5 30. Re5 Rd6 31. Kh2 Kg7 32. Kg3 Kf6 33. Re2 Rxe6 34.
Rxe6+ Kxe6 35. Kf4 h6 36. f3 Kf6 37. g4 g5+ 38. Ke3 f4+ 39. Kd4 Ke6 40. Kc5 Ke5
41. a5 e6 42. d4+ Kf6 43. Kd6 Kf7 44. Kd7 Kf6 45. Kd6 Kf7 46. Kd7 Kf6 47. Ke8
Kg7 48. Ke7 Kg8 49. Kxe6 Kf8 50. Kxd5 Ke7 51. Ke5 Kd7 52. d5 Ke7 53. d6+ Kd7
54. Kd5 Kc8 55. Kc6 Kd8 56. d7 Ke7 57. Kc7 Ke6 58. d8=Q Ke5 59. Qe8+ Kd4 60.
Qe4+ Kc3 61. Kc6 Kb3 62. Qd4 Kc2 63. Kc5 Kb3 64. Qb4+ Ka2 65. Kc4 Ka1 66. Kc3
h5 67. Qb2# 1-0

[Event "TopJP2GB,Guingamp-Saint-Mandé"]
[Site "?"]
[Date "2009.12.20"]
[Round "6"]
[White "Peyre, Thomas"]
[Black "Sochacki, Christophe"]
[Result "1/2-1/2"]
[WhiteElo "2015"]
[BlackElo "2319"]
[PlyCount "45"]
[EventDate "2009.12.20"]
[SourceDate "2009.12.27"]

1. e4 c5 2. Nc3 a6 3. Nf3 e6 4. d4 cxd4 5. Nxd4 b5 6. Bd3 Qb6 7. Nb3 Qc7 8. O-O
Nf6 9. f4 d6 10. e5 Nfd7 11. exd6 Qxd6 12. Be3 Qc7 13. f5 Nf6 14. Qe2 Bd6 15.
h3 e5 16. Rad1 b4 17. Ne4 Be7 18. Nxf6+ gxf6 19. Bc4 Bb7 20. Bxf7+ Kxf7 21.
Qh5+ Kg8 22. Qg4+ Kf7 23. Qh5+ 1/2-1/2

[Event "TopJP2GB,Guingamp-Saint-Mandé"]
[Site "?"]
[Date "2009.12.20"]
[Round "6"]
[White "Eden, James"]
[Black "Deslias, Grégoire"]
[Result "1-0"]
[WhiteElo "1996"]
[BlackElo "1865"]
[PlyCount "53"]
[EventDate "2009.12.20"]
[SourceDate "2009.12.27"]

1. e4 e5 2. Nf3 Nc6 3. d4 exd4 4. Nxd4 Bc5 5. Be3 Qf6 6. Nb5 Bxe3 7. fxe3 Kd8
8. N1c3 Nge7 9. Be2 a6 10. Nd4 d6 11. Qd2 Be6 12. O-O-O Kd7 13. Rhf1 Qg6 14. g4
Ne5 15. Nf5 Bc4 16. Nxe7 Kxe7 17. Bxc4 Nxc4 18. Nd5+ Kf8 19. Qc3 c6 20. Qxc4
cxd5 21. Rxd5 Qxg4 22. Rxd6 f6 23. Rfd1 Rc8 24. Qd5 Qg6 25. Rd8+ Rxd8 26. Qxd8+
Qe8 27. Qc7 1-0

[Event "TopJP2GB,Guingamp-Saint-Mandé"]
[Site "?"]
[Date "2009.12.20"]
[Round "6"]
[White "Purenne, Benoît"]
[Black "Bayart, Jules"]
[Result "0-1"]
[WhiteElo "1911"]
[BlackElo "1835"]
[PlyCount "70"]
[EventDate "2009.12.20"]
[SourceDate "2009.12.27"]

1. e4 e6 2. d4 d5 3. Nc3 Nf6 4. Bg5 dxe4 5. Nxe4 Be7 6. Bxf6 gxf6 7. Ne2 b6 8.
Nf4 Bb7 9. Bb5+ c6 10. Ba4 Nd7 11. Qh5 Nf8 12. Rd1 Qc7 13. Qh6 O-O-O 14. O-O
Ng6 15. Ne2 Rdg8 16. N4g3 Bf8 17. Qe3 h5 18. f4 Bd6 19. c4 c5 20. d5 exd5 21.
cxd5 Ba6 22. Nf5 Ne7 23. Nxe7+ Bxe7 24. Rfe1 Bd6 25. g3 h4 26. Rf1 Bxe2 27.
Qxe2 hxg3 28. h3 Rxh3 29. Bc2 Kb7 30. Rfe1 c4 31. Be4 Bc5+ 32. Kf1 Qxf4+ 33.
Qf3 Rh1+ 34. Kg2 Rh2+ 35. Kf1 Rf2+ 0-1

[Event "TopJP2GB,Guingamp-Saint-Mandé"]
[Site "?"]
[Date "2009.12.20"]
[Round "6"]
[White "Dumas, Charles"]
[Black "Le Bastard, Ronan"]
[Result "1/2-1/2"]
[WhiteElo "1783"]
[BlackElo "1614"]
[PlyCount "80"]
[EventDate "2009.12.20"]
[SourceDate "2009.12.27"]

1. e4 c5 2. c3 g6 3. d4 cxd4 4. cxd4 d5 5. Nc3 dxe4 6. Bc4 Bg7 7. Qb3 e6 8. d5
Qe7 9. Nge2 Na6 10. Be3 Nc7 11. O-O Nh6 12. Rad1 exd5 13. Nxd5 Nxd5 14. Bxd5
O-O 15. Rc1 Qd7 16. Bxe4 Ng4 17. Bf4 Be5 18. Bxe5 Nxe5 19. Rfd1 Qe7 20. Nc3 Be6
21. Nd5 Bxd5 22. Bxd5 Rab8 23. Re1 Qg5 24. Qe3 Qxe3 25. Rxe3 Ng4 26. Re7 Nf6
27. Bf3 Rfd8 28. Rxb7 Rxb7 29. Bxb7 Rd2 30. Rb1 Ng4 31. f4 Ne3 32. a3 Nc4 33.
b4 Nxa3 34. Ra1 Nb5 35. Ra5 Nd6 36. Rxa7 Rb2 37. Bf3 Rxb4 38. g3 Kg7 39. Ra2
Nf5 40. Kf2 h6 1/2-1/2

[Event "TopJP2GB,Guingamp-Saint-Mandé"]
[Site "?"]
[Date "2009.12.20"]
[Round "6"]
[White "Ginovart, Axel"]
[Black "Rodriguez, Adrien"]
[Result "1-0"]
[WhiteElo "1798"]
[BlackElo "1813"]
[PlyCount "117"]
[EventDate "2009.12.20"]
[SourceDate "2009.12.27"]

1. e4 c5 2. Nf3 d6 3. d4 cxd4 4. Nxd4 Nf6 5. Nc3 Nc6 6. f3 e5 7. Nb3 Be7 8. Be3
Be6 9. Nd5 O-O 10. Be2 Rc8 11. c3 Nd7 12. O-O f5 13. exf5 Bxf5 14. Bc4 Kh8 15.
Qd2 Nf6 16. Rad1 Be6 17. Nxe7 Bxc4 18. Nxc8 Bxf1 19. Nxd6 Ba6 20. Nf7+ Rxf7 21.
Qxd8+ Nxd8 22. Rxd8+ Ng8 23. Re8 Rd7 24. Kf2 Rd5 25. Bxa7 Bc4 26. Be3 Rb5 27.
Kg3 Bxb3 28. axb3 Rxb3 29. Bc1 Rb5 30. b4 Rd5 31. Kf2 h6 32. Ke2 Kh7 33. Bb2
Nf6 34. Re7 Rb5 35. Kd3 Rd5+ 36. Kc2 b5 37. c4 bxc4 38. Rxe5 Rxe5 39. Bxe5 Nd5
40. b5 Kg6 41. Bd4 h5 42. b6 Nxb6 43. Bxb6 Kf5 44. Kc3 Kf4 45. Kxc4 h4 46. Kd3
h3 47. Be3+ Kf5 48. g3 g6 49. g4+ Ke5 50. Ke2 Kd5 51. Kf2 Kc4 52. Kg3 Kd3 53.
Bf4 Ke2 54. Bg5 Kd3 55. Kxh3 Kd4 56. Bf4 Kd5 57. Kh4 Ke6 58. Kg5 Kf7 59. h4 1-0

[Event "TopJP2GB,Guingamp-Saint-Mandé"]
[Site "?"]
[Date "2009.12.20"]
[Round "6"]
[White "Fraval, Julie"]
[Black "Le Bihan, Alison"]
[Result "1-0"]
[WhiteElo "1760"]
[BlackElo "1390"]
[PlyCount "103"]
[EventDate "2009.12.20"]
[SourceDate "2009.12.27"]

1. e4 c5 2. Nf3 e6 3. d4 d5 4. Nc3 Nc6 5. Be3 Qb6 6. Rb1 Bd7 7. Be2 Nf6 8. e5
Ng4 9. h3 Nxe3 10. fxe3 Be7 11. b3 Qb4 12. Qd2 Bd8 13. a3 Qxa3 14. Nb5 Ba5 15.
Nxa3 Bxd2+ 16. Kxd2 cxd4 17. exd4 O-O 18. Nb5 a6 19. Nd6 b5 20. c4 dxc4 21.
bxc4 bxc4 22. Bxc4 a5 23. Rb6 Rfb8 24. Rxb8+ Rxb8 25. Bb5 Be8 26. Nxe8 Rxb5 27.
Rc1 Rb6 28. Nd6 h6 29. Rc5 Ra6 30. Nc8 a4 31. Rxc6 Rxc6 32. Ne7+ Kf8 33. Nxc6
Ke8 34. Kc3 Kd7 35. Nb4 f6 36. Kc4 a3 37. Kc5 Kc7 38. g4 fxe5 39. Nxe5 g5 40.
d5 exd5 41. Kxd5 Kb6 42. Ke6 Kb5 43. Nec6 Ka4 44. Kf6 Kb3 45. Kg6 a2 46. Nxa2
Kxa2 47. Kxh6 Kb3 48. Kxg5 Kc4 49. h4 Kd5 50. h5 Kxc6 51. h6 Kd7 52. h7 1-0

[Event "TopJP2GB,Guingamp-Saint-Mandé"]
[Site "?"]
[Date "2009.12.20"]
[Round "6"]
[White "Le Graet, Gaëtan"]
[Black "Lachkar, Dan"]
[Result "0-1"]
[WhiteElo "1190"]
[BlackElo "1260"]
[PlyCount "58"]
[EventDate "2009.12.20"]
[SourceDate "2009.12.27"]

1. e4 c6 2. Nf3 d5 3. Nc3 dxe4 4. Nxe4 Bf5 5. d3 Bxe4 6. dxe4 Qxd1+ 7. Kxd1 Nf6
8. Bf4 Nbd7 9. Bc4 e6 10. e5 Ne4 11. Rf1 Bc5 12. Be3 Bxe3 13. fxe3 O-O-O 14.
Bd3 Ndc5 15. Ne1 Rhf8 16. b4 Nc3+ 17. Kc1 Nxd3+ 18. Nxd3 Rd7 19. Rf4 Ne2+ 20.
Kb1 Nxf4 21. Nxf4 Rd1+ 22. Kb2 Rxa1 23. Kxa1 g5 24. Nh5 Rd8 25. g3 Rd2 26. h4
Rxc2 27. hxg5 Re2 28. Nf6 Rxe3 29. Nxh7 Rxg3 0-1

[Event "TopJP2GB,Guingamp-Saint-Mandé"]
[Site "?"]
[Date "2009.12.20"]
[Round "6"]
[White "Denizet, Briac"]
[Black "Chesneau, Lucien"]
[Result "1-0"]
[WhiteElo "1010"]
[BlackElo "1100"]
[PlyCount "33"]
[EventDate "2009.12.20"]
[SourceDate "2009.12.27"]

1. e4 c5 2. Nc3 Nc6 3. d3 d6 4. e5 dxe5 5. Be2 Nf6 6. Bg5 e6 7. Bxf6 Qxf6 8.
Nf3 Bd6 9. Ne4 Qe7 10. Nxd6+ Qxd6 11. O-O O-O 12. Ng5 Bd7 13. Bh5 Be8 14. d4
Qxd4 15. Qb1 h6 16. c3 Qd5 17. Qh7# 1-0

[Event "TopJP2GB,Guingamp-Saint-Mandé"]
[Site "?"]
[Date "2009.12.20"]
[Round "6"]
[White "Chesneau, Lucien"]
[Black "Le Graet, Gaëtan"]
[Result "1-0"]
[WhiteElo "1100"]
[BlackElo "1190"]
[PlyCount "92"]
[EventDate "2009.12.20"]
[SourceDate "2009.12.27"]

1. e4 e5 2. Nf3 Nc6 3. Bc4 Bc5 4. d4 Nf6 5. Bg5 d5 6. Bxd5 h6 7. Bxf6 gxf6 8.
O-O Bg4 9. h3 Bxf3 10. Qxf3 O-O 11. Nd2 Nxd4 12. Qg4+ Kh8 13. c3 Rg8 14. Qh5
Qf8 15. cxd4 Qg7 16. Qg4 Bxd4 17. Qxg7+ Rxg7 18. Rac1 Rc8 19. Bxb7 Rcg8 20. g3
Rxg3+ 21. Kh2 Rg2+ 22. Kh1 Bxf2 23. Nf3 R2g3 24. Rxf2 Rxh3+ 25. Nh2 Rhg3 26.
Rff1 Rb8 27. Bd5 Rxb2 28. Rg1 Rd3 29. Rg2 Rxg2 30. Kxg2 Rd2+ 31. Kg3 Rd3+ 32.
Kg4 Rd2 33. Nf1 Rg2+ 34. Kh5 Rg5+ 35. Kxh6 Rg6+ 36. Kh5 Rg5+ 37. Kh4 Rg1 38.
Bc4 Rh1+ 39. Kg3 Rg1+ 40. Kf2 Rg4 41. Bd5 Rf4+ 42. Ke3 Rh4 43. Ng3 Rh3 44. Rh1
Rxh1 45. Nxh1 c5 46. Bxf7 c4 1-0

[Event "TopJP2GB,Guingamp-Saint-Mandé"]
[Site "?"]
[Date "2009.12.20"]
[Round "6"]
[White "Lachkar, Dan"]
[Black "Denizet, Briac"]
[Result "1-0"]
[WhiteElo "1260"]
[BlackElo "1010"]
[PlyCount "41"]
[EventDate "2009.12.20"]
[SourceDate "2009.12.27"]

1. d4 d5 2. Nf3 Bg4 3. Bf4 Nf6 4. Nbd2 e6 5. e3 Bb4 6. c3 Be7 7. Bd3 O-O 8. O-O
Nc6 9. Qc2 Kh8 10. Be5 Rg8 11. Ng5 Qf8 12. Nxh7 Qe8 13. Nxf6 Bxf6 14. Bxc7 Qd7
15. Bg3 e5 16. Bb5 exd4 17. cxd4 Bf5 18. Bxc6 bxc6 19. Qd1 Bd3 20. Nb3 Bxf1 21.
Qh5# 1-0

[Event "TopJP2GB,Sautron-Mulhouse"]
[Site "?"]
[Date "2009.12.20"]
[Round "6"]
[White "Barbot, Pierre"]
[Black "Ider, Borya"]
[Result "0-1"]
[WhiteElo "2072"]
[BlackElo "2276"]
[PlyCount "72"]
[EventDate "2009.12.20"]
[SourceDate "2009.12.27"]

1. e4 e6 2. d4 d5 3. Nc3 Bb4 4. e5 Ne7 5. a3 Bxc3+ 6. bxc3 c5 7. Qg4 Qc7 8.
Qxg7 Rg8 9. Qxh7 cxd4 10. Ne2 Nbc6 11. f4 dxc3 12. Qd3 d4 13. Nxd4 Nxd4 14.
Qxd4 Bd7 15. Be3 Qa5 16. Kf2 Nf5 17. Qc5 Qa4 18. Bd3 Nxe3 19. Qxe3 Bc6 20. Rhg1
O-O-O 21. g3 Rd4 22. Rge1 Rgd8 23. Re2 Qa5 24. h4 Qd5 25. Rg1 Qa2 26. Qc1 Qd5
27. Qe3 Qc5 28. Ra1 Qf8 29. g4 Ra4 30. Kg3 Rdd4 31. Rf2 Qc5 32. h5 Rxf4 33.
Qxf4 Rxf4 34. Rxf4 Qe3+ 35. Kh4 Qxf4 36. Rf1 Qh2+ 0-1

[Event "TopJP2GB,Sautron-Mulhouse"]
[Site "?"]
[Date "2009.12.20"]
[Round "6"]
[White "Muheim, Sébastien"]
[Black "Hallope, Arnaud"]
[Result "1-0"]
[WhiteElo "2040"]
[BlackElo "1853"]
[PlyCount "49"]
[EventDate "2009.12.20"]
[SourceDate "2009.12.27"]

1. d4 Nf6 2. c4 g6 3. Nc3 d5 4. e3 Bg7 5. Qb3 c6 6. cxd5 cxd5 7. Nge2 O-O 8.
Nf4 e6 9. Be2 Nc6 10. O-O a6 11. Bd2 b5 12. Rfc1 Bd7 13. Be1 Rb8 14. a3 Qb6 15.
Nd3 Rfc8 16. Nc5 Bf8 17. Qd1 Bxc5 18. dxc5 Qxc5 19. Ne4 Qe7 20. Nc5 Rb6 21. b4
Ne5 22. Bc3 Nc4 23. Bxf6 Qe8 24. Bxc4 bxc4 25. Qd4 1-0

[Event "TopJP2GB,Sautron-Mulhouse"]
[Site "?"]
[Date "2009.12.20"]
[Round "6"]
[White "Bapst, Valentin"]
[Black "ViennotDylan"]
[Result "1-0"]
[WhiteElo "1778"]
[BlackElo "1939"]
[PlyCount "105"]
[EventDate "2009.12.20"]
[SourceDate "2009.12.27"]

1. e4 c5 2. Nf3 Nc6 3. d4 cxd4 4. Nxd4 e5 5. Nb5 d6 6. N1c3 a6 7. Na3 b5 8. Nd5
Nge7 9. c4 Nd4 10. Bd3 Nxd5 11. cxd5 Be7 12. Be3 Bd7 13. O-O O-O 14. Bxd4 exd4
15. f4 f5 16. exf5 Bxf5 17. Bxf5 Rxf5 18. Qxd4 Qa5 19. Nc2 Raf8 20. Qe4 R5f7
21. Nd4 Qd2 22. Ne6 Rc8 23. Ng5 Bxg5 24. fxg5 Rcf8 25. Qe6 Qd4+ 26. Kh1 Qa7 27.
h4 Qe7 28. Rxf7 Rxf7 29. Rc1 g6 30. Rc6 Qxe6 31. dxe6 Rf1+ 32. Kh2 Kf8 33. Rxd6
Rf2 34. Rxa6 Rxb2 35. Kg3 Ke7 36. Kf3 Rb4 37. g3 Rc4 38. Rb6 Rb4 39. Ke3 Rg4
40. Kf3 Rb4 41. Ke3 Rg4 42. Kf2 Ra4 43. Rxb5 Rxa2+ 44. Kf3 Kxe6 45. Rb7 Ra3+
46. Kg4 Ra4+ 47. Kh3 Kf5 48. Rxh7 Ra1 49. Rf7+ Ke4 50. Rf6 Ke3 51. Rxg6 Kf2 52.
Rf6+ Kg1 53. g6 1-0

[Event "TopJP2GB,Sautron-Mulhouse"]
[Site "?"]
[Date "2009.12.20"]
[Round "6"]
[White "Messinger, Karl"]
[Black "Le Pen, Steven"]
[Result "1-0"]
[WhiteElo "1758"]
[BlackElo "1764"]
[PlyCount "43"]
[EventDate "2009.12.20"]
[SourceDate "2009.12.27"]

1. e4 c5 2. Nf3 d6 3. Bb5+ Nd7 4. c3 Ngf6 5. Qe2 a6 6. Ba4 Qc7 7. O-O g6 8. Rd1
b5 9. Bc2 Bg7 10. d3 O-O 11. Nbd2 Bb7 12. Nf1 Rac8 13. Ng3 e6 14. Bf4 Qb6 15.
d4 d5 16. e5 Ne8 17. Qd2 Nc7 18. Bh6 b4 19. Nh5 Bh8 20. Bxf8 Rxf8 21. Qh6 f6
22. Bxg6 1-0

[Event "TopJP2GB,Sautron-Mulhouse"]
[Site "?"]
[Date "2009.12.20"]
[Round "6"]
[White "Touam, Yannis"]
[Black "Devoille, Hugo"]
[Result "1-0"]
[WhiteElo "1500"]
[BlackElo "1691"]
[PlyCount "145"]
[EventDate "2009.12.20"]
[SourceDate "2009.12.27"]

1. e4 c5 2. Nf3 e6 3. d4 cxd4 4. Nxd4 Nc6 5. Be3 a6 6. Nc3 Qc7 7. Qd2 Nf6 8. f3
Bb4 9. a3 Be7 10. O-O-O b5 11. Nb3 Ne5 12. Bf4 d6 13. Bxe5 dxe5 14. g4 Bb7 15.
h4 Rd8 16. Bd3 b4 17. axb4 Bxb4 18. h5 Rc8 19. g5 Nd7 20. Rhg1 Bxc3 21. Qxc3
Qxc3 22. bxc3 Rxc3 23. Kb2 Rc7 24. c4 Ke7 25. Rc1 Nc5 26. Nxc5 Rxc5 27. Kb3 a5
28. Rg2 Rb8 29. Kc3 Ba6 30. Ra2 Rd8 31. Ra4 Ra8 32. Rb1 Bc8 33. Rb5 Rxb5 34.
cxb5 Bd7 35. Ra1 Kd6 36. Kc4 Rc8+ 37. Kb3 Ra8 38. Kc4 Ra7 39. Rd1 Rb7 40. Be2+
Kc7 41. Kc5 Kd8 42. b6 Ke7 43. Ba6 Rb8 44. b7 Ba4 45. Rd2 f5 46. Kb6 fxe4 47.
fxe4 h6 48. g6 Kf6 49. Kc7 Re8 50. b8=Q Rxb8 51. Kxb8 Kg5 52. Ra2 Bc6 53. Rxa5
Bxe4 54. Rxe5+ Bf5 55. Bc4 Kf6 56. Re1 e5 57. Bd5 Bg4 58. Rf1+ Kg5 59. Rf7 Bxh5
60. Rxg7 Bg4 61. Be4 Bf5 62. Bxf5 Kxf5 63. Re7 Kxg6 64. Rxe5 h5 65. Kc7 h4 66.
Kd6 h3 67. Re3 h2 68. Rh3 Kf5 69. Rxh2 Ke4 70. Rh5 Kf4 71. Ke6 Kg4 72. Ra5 Kh4
73. Kf6 1-0

[Event "TopJP2GB,Sautron-Mulhouse"]
[Site "?"]
[Date "2009.12.20"]
[Round "6"]
[White "Veys, Vincent"]
[Black "Terrazzoni, Claire"]
[Result "0-1"]
[WhiteElo "1662"]
[BlackElo "1460"]
[PlyCount "130"]
[EventDate "2009.12.20"]
[SourceDate "2009.12.27"]

1. e4 c5 2. Nf3 d6 3. Bb5+ Bd7 4. Bxd7+ Nxd7 5. O-O Ngf6 6. Re1 g6 7. c3 Bg7 8.
d4 cxd4 9. cxd4 O-O 10. Nc3 Nb6 11. Bg5 Re8 12. Qc2 Rc8 13. Rad1 d5 14. e5 Ne4
15. Rd3 Nxg5 16. Nxg5 e6 17. Nf3 Qc7 18. Qb3 a6 19. h3 Qc4 20. Qc2 Qxa2 21. Nd2
Qa5 22. Nb3 Qb4 23. Nc5 Nc4 24. Rb1 Bf8 25. Nd7 Bg7 26. Rf3 Red8 27. Nf6+ Bxf6
28. Rxf6 Na5 29. Rf4 Rc4 30. Qd3 Qe7 31. Ra1 Nc6 32. Nd1 Rb4 33. Rb1 Qg5 34.
Rg4 Qf5 35. Qxf5 exf5 36. Rg3 Rxd4 37. Nc3 Nxe5 38. Re3 Nc6 39. Ne2 Rd2 40. h4
d4 41. Nxd4 R8xd4 42. h5 Kf8 43. Rb3 Rb4 44. Rf3 Rbxb2 45. Re1 Re2 46. Rd1 a5
47. Rd7 Re7 48. Rd1 b5 49. h6 b4 50. Rc1 Nd4 51. Rc8+ Re8 52. Rxe8+ Kxe8 53.
Re3+ Ne6 54. Re5 a4 55. Kh2 a3 56. Ra5 a2 57. Kh3 b3 58. f4 Rb1 59. Kh4 a1=Q
60. Rxa1 Rxa1 61. Kh3 b2 62. Kh4 b1=Q 63. Kg3 Ra3+ 64. Kh2 Nxf4 65. g4 Qc2+ 0-1

[Event "TopJP2GB,Sautron-Mulhouse"]
[Site "?"]
[Date "2009.12.20"]
[Round "6"]
[White "Trouve, Guillaume"]
[Black "Casner, Théo"]
[Result "0-1"]
[WhiteElo "1724"]
[BlackElo "1380"]
[PlyCount "68"]
[EventDate "2009.12.20"]
[SourceDate "2009.12.27"]

1. e4 c5 2. c3 Nc6 3. d4 cxd4 4. cxd4 d5 5. e5 Bf5 6. a3 Qb6 7. Nf3 e6 8. Nc3
Nge7 9. Be2 Bg6 10. b4 a6 11. Bb2 Nf5 12. Na4 Qc7 13. O-O Be7 14. Rc1 O-O 15.
Nc5 Bxc5 16. Rxc5 Qd7 17. Qd2 Rac8 18. b5 axb5 19. Bxb5 Nfe7 20. Rfc1 h6 21. h3
Rfd8 22. Bc3 Re8 23. Ba5 Bf5 24. Ne1 Rb8 25. Bb6 Ra8 26. Qe3 Rec8 27. Nc2 Bxc2
28. R1xc2 Nf5 29. Bxc6 Rxc6 30. Rxc6 Nxe3 31. Rc7 Qb5 32. fxe3 Qxb6 33. Re7
Qb1+ 34. Kh2 Qxc2 0-1

[Event "TopJP2GB,Sautron-Mulhouse"]
[Site "?"]
[Date "2009.12.20"]
[Round "6"]
[White "Eugene, Floryan"]
[Black "Berriat, Diane"]
[Result "1-0"]
[WhiteElo "1730"]
[BlackElo "1280"]
[PlyCount "83"]
[EventDate "2009.12.20"]
[SourceDate "2009.12.27"]

1. e4 c5 2. Nf3 Nc6 3. d4 cxd4 4. Nxd4 g6 5. c4 Bg7 6. Be3 Nf6 7. f3 O-O 8. Bd3
e6 9. O-O Qc7 10. Nc3 Nxd4 11. Bxd4 b6 12. Nb5 Qf4 13. Qc2 d5 14. Rae1 a6 15.
Nc3 dxc4 16. Bxc4 b5 17. Bb3 Rd8 18. Bb6 Rd2 19. Qc1 Qd6 20. Be3 Rd3 21. Bc2
Rd4 22. Bxd4 Qxd4+ 23. Qe3 Qb4 24. Bb3 Ng4 25. fxg4 Bd4 26. Kh1 Bxe3 27. Rxe3
Bb7 28. Ref3 f5 29. gxf5 Bxe4 30. Bxe6+ Kg7 31. Rf4 Qxb2 32. Nxe4 Qe2 33. f6+
Kf8 34. Ng5 Qh5 35. Bd5 Rc8 36. Ne6+ Kf7 37. Bb3 Qe5 38. Ng5+ Ke8 39. Re4 Rc1
40. Rxe5+ Kf8 41. Rxc1 h6 42. Nf3 1-0

[Event "TopJP2GB,Sautron-Mulhouse"]
[Site "?"]
[Date "2009.12.20"]
[Round "6"]
[White "Berriat, Diane"]
[Black "Trouve, Guillaume"]
[Result "0-1"]
[WhiteElo "1280"]
[BlackElo "1724"]
[PlyCount "68"]
[EventDate "2009.12.20"]
[SourceDate "2009.12.27"]

1. e4 e5 2. Nf3 Nc6 3. Bc4 Bc5 4. Nc3 Nf6 5. d3 d6 6. Bg5 h6 7. Bxf6 Qxf6 8.
Nd5 Qd8 9. O-O Bg4 10. c3 O-O 11. h3 Bh5 12. b4 Bb6 13. a4 a6 14. Qe2 Ba7 15.
b5 axb5 16. axb5 Ne7 17. Ra2 Bc5 18. Rxa8 Qxa8 19. Nxe7+ Kh8 20. g4 Bg6 21. d4
exd4 22. cxd4 Bb6 23. h4 Bh7 24. g5 Re8 25. Nd5 Rxe4 26. Qa2 Qc8 27. Bd3 Rg4+
28. Kh2 Bxd3 29. Rc1 Qf5 30. g6 fxg6 31. Ne7 Qf8 32. Re1 Qf4+ 33. Kh1 Qxf3+ 34.
Kh2 Qg2# 0-1

[Event "TopJP2GB,Sautron-Mulhouse"]
[Site "?"]
[Date "2009.12.20"]
[Round "6"]
[White "Casner, Théo"]
[Black "Eugene, Floryan"]
[Result "0-1"]
[WhiteElo "1380"]
[BlackElo "1730"]
[PlyCount "64"]
[EventDate "2009.12.20"]
[SourceDate "2009.12.27"]

1. e4 e5 2. Nf3 Nc6 3. Bb5 a6 4. Ba4 Nf6 5. O-O Be7 6. Re1 b5 7. Bb3 d6 8. h3
Na5 9. c3 Nxb3 10. Qxb3 O-O 11. d4 exd4 12. cxd4 Bb7 13. Nc3 Re8 14. Bg5 Qd7
15. Rad1 Rad8 16. Bh4 Qc8 17. Qc2 c5 18. dxc5 Qxc5 19. Bg3 b4 20. Qb3 Bc6 21.
Na4 Qa5 22. Bxd6 Bxd6 23. e5 Bxa4 24. Qc4 Rc8 25. Qf4 Bxd1 26. exd6 Rxe1+ 27.
Nxe1 b3 28. axb3 Qxe1+ 29. Kh2 h6 30. Qf5 Rd8 31. Qc5 Qd2 32. Qc7 Qxd6+ 0-1

[Event "TopJP2GB,Bois-Colombes-Clichy"]
[Site "?"]
[Date "2009.12.20"]
[Round "6"]
[White "Aflalo, Sophie"]
[Black "Lagarde, Maxime"]
[Result "0-1"]
[WhiteElo "2036"]
[BlackElo "2393"]
[PlyCount "40"]
[EventDate "2009.12.20"]
[SourceDate "2009.12.27"]

1. e4 c5 2. Nf3 d6 3. d4 cxd4 4. Nxd4 Nf6 5. Nc3 a6 6. h3 e5 7. Nde2 h5 8. Bg5
Be7 9. Qd2 Be6 10. O-O-O Nbd7 11. g3 b5 12. Bg2 b4 13. Nd5 Nxd5 14. exd5 Bxg5
15. f4 Bf5 16. g4 exf4 17. Nxf4 Bh7 18. Kb1 O-O 19. Qxb4 Rb8 20. Qxd6 Rb6 0-1

[Event "TopJP2GB,Bois-Colombes-Clichy"]
[Site "?"]
[Date "2009.12.20"]
[Round "6"]
[White "Ane, Cédric"]
[Black "Bensaid, Alexandre"]
[Result "1-0"]
[WhiteElo "2058"]
[BlackElo "1905"]
[PlyCount "91"]
[EventDate "2009.12.20"]
[SourceDate "2009.12.27"]

1. e4 c5 2. Nf3 Nc6 3. Nc3 d6 4. d4 cxd4 5. Nxd4 Nf6 6. Be2 e5 7. Nf3 Be7 8.
O-O O-O 9. Re1 Be6 10. Ng5 d5 11. exd5 Bxd5 12. Nxd5 Nxd5 13. Ne4 Kh8 14. c3 f5
15. Ng3 Bc5 16. Bc4 Nc7 17. b4 Qh4 18. bxc5 Qxc4 19. Qb3 Qa6 20. Rb1 Na5 21.
Qa4 Rae8 22. Qd7 Qc6 23. Qxc6 bxc6 24. Rb4 Nb5 25. c4 Nd4 26. Ra4 Nb7 27. Rxa7
Nxc5 28. Ba3 Nd3 29. Bxf8 Rxf8 30. Rb1 Nc5 31. Re7 f4 32. Rxe5 Nd3 33. Re4 fxg3
34. Rxd4 gxf2+ 35. Kf1 Ne5 36. Rbd1 Kg8 37. Rd8 Nxc4 38. Rxf8+ Kxf8 39. Kxf2
Ke7 40. a4 Na5 41. Ke3 Ke6 42. Rd8 c5 43. Ra8 Nc4+ 44. Kd3 Ne5+ 45. Ke4 Nd7 46.
Ra6+ 1-0

[Event "TopJP2GB,Bois-Colombes-Clichy"]
[Site "?"]
[Date "2009.12.20"]
[Round "6"]
[White "Lam-Roques, Kalvin"]
[Black "Kambrath, Yannick"]
[Result "0-1"]
[WhiteElo "1696"]
[BlackElo "1890"]
[PlyCount "68"]
[EventDate "2009.12.20"]
[SourceDate "2009.12.27"]

1. e4 e5 2. Nf3 Nc6 3. Bc4 Bc5 4. c3 Nf6 5. d3 O-O 6. b4 Bb6 7. a4 a6 8. a5 Ba7
9. Bg5 d6 10. Qb3 Qe7 11. Nbd2 Nd8 12. O-O Ne6 13. Be3 Bxe3 14. fxe3 Rd8 15. d4
Nf8 16. Ng5 Be6 17. d5 Bd7 18. Ngf3 Ng6 19. Bd3 c6 20. c4 Rf8 21. h3 h5 22.
Rac1 h4 23. Bb1 Rac8 24. Rc3 Nh5 25. Rfc1 Ng3 26. Qd1 cxd5 27. exd5 f5 28. Nf1
Nxf1 29. Qxf1 e4 30. Nd4 f4 31. c5 fxe3 32. Qe1 Qg5 33. Rxe3 Nf4 34. Kh2 Qxg2#
0-1

[Event "TopJP2GB,Bois-Colombes-Clichy"]
[Site "?"]
[Date "2009.12.20"]
[Round "6"]
[White "Eid, Amine"]
[Black "Zychowski, Antoine"]
[Result "1-0"]
[WhiteElo "1866"]
[BlackElo "1560"]
[PlyCount "89"]
[EventDate "2009.12.20"]
[SourceDate "2009.12.27"]

1. e4 e5 2. Nf3 Nc6 3. Bb5 a6 4. Ba4 Nf6 5. O-O Be7 6. Re1 b5 7. Bb3 d6 8. a4
b4 9. c3 a5 10. d3 O-O 11. Nbd2 Bb7 12. Nf1 Na7 13. Ng3 c5 14. h3 Rb8 15. Bc2
Re8 16. d4 Bf8 17. Bg5 h6 18. dxe5 dxe5 19. Qxd8 Rbxd8 20. Bxf6 gxf6 21. Nf5
Nc8 22. Rad1 Nd6 23. N3h4 Bc8 24. Bb3 Be6 25. Bd5 Nxf5 26. Nxf5 Bxf5 27. exf5
Rd6 28. c4 Be7 29. Re4 Red8 30. f4 Kf8 31. fxe5 fxe5 32. Rxe5 Bf6 33. Re2 Bd4+
34. Kh1 Rf6 35. g4 h5 36. Rf1 hxg4 37. hxg4 Rh6+ 38. Kg2 f6 39. b3 Be5 40. Rh1
Rxh1 41. Kxh1 Rd7 42. Re3 Rh7+ 43. Kg2 Rh2+ 44. Kf1 Rh1+ 45. Bxh1 1-0

[Event "TopJP2GB,Bois-Colombes-Clichy"]
[Site "?"]
[Date "2009.12.20"]
[Round "6"]
[White "Triboulin, Amaury"]
[Black "Ghanem, Yaniss"]
[Result "0-1"]
[WhiteElo "1599"]
[BlackElo "1520"]
[PlyCount "152"]
[EventDate "2009.12.20"]
[SourceDate "2009.12.27"]

1. e4 e5 2. Nf3 d6 3. Nc3 Nf6 4. Bc4 Be7 5. d3 O-O 6. Bg5 c6 7. O-O Nbd7 8. Qe2
Nc5 9. Rad1 Bg4 10. h3 Bh5 11. Qe3 Re8 12. Rb1 Qd7 13. d4 Bxf3 14. dxc5 Bh5 15.
Bxf6 Bxf6 16. cxd6 Qxd6 17. Be2 Bxe2 18. Qxe2 Rad8 19. Rbd1 Qb4 20. Rb1 Rd4 21.
a3 Qb6 22. Kh1 h6 23. Qg4 Red8 24. f4 Rd2 25. fxe5 Bxe5 26. Qf5 Qc7 27. Rbc1
Bh2 28. Rf2 Qg3 29. Rxd2 Rxd2 30. Qc8+ Kh7 31. Qf5+ Kh8 32. Qc8+ Kh7 33. Qf5+
Kg8 34. Qc8+ Kh7 35. Qg4 Qf4 36. Qxf4 Bxf4 37. Rf1 Bg3 38. Rf3 Be5 39. Kg1 Rxc2
40. Rxf7 Rxb2 41. Na4 Rb1+ 42. Kf2 b5 43. Nc5 Bd4+ 44. Kg3 Bxc5 45. e5 Re1 46.
Rc7 Rxe5 47. Rxc6 Bxa3 48. Ra6 Re3+ 49. Kf4 Bc5 50. Rc6 Rc3 51. Ra6 Ra3 52. Rc6
Bb6 53. h4 Ra4+ 54. Kg3 b4 55. Rc2 Ra3+ 56. Kf4 b3 57. Rb2 Bd4 58. Rd2 b2 59.
Rxb2 Bxb2 60. g4 Ra4+ 61. Kf5 g6+ 62. Ke6 Rxg4 63. h5 gxh5 64. Kf5 a5 65. Ke6
a4 66. Kd5 a3 67. Ke6 a2 68. Kf5 a1=Q 69. Ke6 Qa6+ 70. Kd5 Rg5+ 71. Ke4 Qa4+
72. Kf3 Rb5 73. Ke2 Bh8 74. Kd3 Rb3+ 75. Kc2 Qa2+ 76. Kc1 Rb1# 0-1